| 000 | 00418cam a2200169ua 4500 | ||
|---|---|---|---|
| 020 | _c150.00 | ||
| 041 |
_aeng _h |
||
| 082 |
_a658.23 _bAGA/PL |
||
| 100 | _aAgarwal, G.K . | ||
| 245 |
_aPlant layout and material handling / _cG.K Agarwal. _hTextual Documents |
||
| 260 |
_aNew Delhi : _bJain Brothers , _c2007. |
||
| 300 | _a ; . | ||
| 365 | _a150.00 | ||
| 504 | _a | ||
| 942 | _cBK | ||
| 999 |
_c13464 _d13464 |
||